| 000 | 00526nam a2200145Ia 4500 | ||
|---|---|---|---|
| 008 | 140724s9999 xx 000 0 und d | ||
| 050 |
_aBF 576 _b.V494 2014 |
||
| 100 | _aVergara, Kenneth T. | ||
| 245 |
_aEmotional intelligence and levels of risky behaviors of children in conflict with the law of Las Piñas City / _cKenneth T. Vergara. |
||
| 260 |
_aLas Piñas, Philippines : _bSouthville International School and Colleges, _cc2014. |
||
| 300 |
_a80 p. : _c28 cm. |
||
| 521 | _aPsychology | ||
| 942 | _cTH | ||
| 999 |
_c229347 _d229347 |
||